000
00180 a2200097 4500
001
14570
100
_a
245
_a
260
_a
Karachi
_b
Islamic pubs
_c
090
_c
11393
_d
11393
942
_a
NUST-CAE
_c
_c
1551
999
_c
249643
_d
249643